| 000 | 00496nam a22001577a 4500 | ||
|---|---|---|---|
| 005 | 20240531102011.0 | ||
| 008 | 240531b |||||||| |||| 00| 0 eng d | ||
| 041 | _aEnglish | ||
| 082 | _a349 LAW | ||
| 100 | _lEnglish | ||
| 245 | _aThe Law reports: Chancery Division | ||
| 260 |
_aLondon: _bThe Incorporated Council of Law Reporting for England and Wales, _c1926 |
||
| 300 |
_bxxix, 1035 pages; _c25 cm. |
||
| 650 |
_aLegal practice _bLaw |
||
| 942 |
_cBK _6ALISON_BN_VRIES |
||
| 999 |
_c1822 _d1822 |
||